Loading...
| Philosophy | 0 | 11 | 1 | 1 | 105 | 48 | 96.09 | 3 | 4 | 0.00 | 0.00 |
| Fine Arts - Painting & Sculpture | 0 | 8 | 0 | 0 | 80 | 77 | 112.25 | 1 | 2 | 0.00 | 0.00 |
| Fine Arts - Other | 0 | 6 | 1 | 1 | 55 | 75 | 100.17 | 0 | 0 | 0.00 | 0.00 |
| Religion | 0 | 5 | 0 | 0 | 50 | 80 | 107.40 | 0 | 1 | 0.00 | 0.00 |
| Geography | 0 | 5 | 1 | 1 | 45 | 86 | 110.00 | 0 | 0 | 0.00 | 0.00 |
| Literature - European | 0 | 4 | 1 | 1 | 35 | 99 | 135.50 | 0 | 0 | 0.00 | 0.00 |
| Other Academic | 0 | 4 | 1 | 2 | 35 | 100 | 129.50 | 0 | 2 | 0.00 | 0.00 |
| History - American | 0 | 4 | 1 | 1 | 35 | 90 | 109.00 | 0 | 2 | 0.00 | 0.00 |
| History - World | 0 | 3 | 0 | 0 | 30 | 115 | 131.33 | 0 | 1 | 0.00 | 0.00 |
| Science - Other | 0 | 3 | 0 | 0 | 30 | 85 | 115.67 | 1 | 1 | 0.00 | 0.00 |
| Literature - British | 0 | 3 | 0 | 1 | 30 | 97 | 125.00 | 1 | 1 | 0.00 | 0.00 |
| Current Events | 0 | 2 | 0 | 0 | 20 | 51 | 80.50 | 1 | 1 | 0.00 | 0.00 |
| Fine Arts - Classical Music | 0 | 2 | 0 | 0 | 20 | 96 | 113.50 | 0 | 0 | 0.00 | 0.00 |
| History - European | 0 | 2 | 0 | 0 | 20 | 92 | 123.00 | 0 | 0 | 0.00 | 0.00 |
| Mythology | 0 | 2 | 0 | 1 | 20 | 94 | 128.00 | 0 | 0 | 0.00 | 0.00 |
| History - Other | 0 | 1 | 0 | 0 | 10 | 92 | 92.00 | 0 | 0 | 0.00 | 0.00 |
| Social Science | 0 | 2 | 2 | 2 | 10 | 140 | 140.50 | 0 | 0 | 0.00 | 0.00 |
| Literature - World | 0 | 1 | 1 | 0 | 5 | 124 | 124.00 | 0 | 0 | 0.00 | 0.00 |
| Science - Biology | 0 | 1 | 1 | 0 | 5 | 137 | 137.00 | 0 | 0 | 0.00 | 0.00 |
| Literature - American | 0 | 1 | 3 | 0 | -5 | 57 | 57.00 | 1 | 1 | 0.00 | 0.00 |
| Science - Physics | 0 | 0 | 1 | 0 | -5 | 0.00 | 0 | 0 | 0.00 | 0.00 |